| 000 | 00570nam a22001817a 4500 | ||
|---|---|---|---|
| 999 |
_c7076 _d7076 |
||
| 001 | 8973 | ||
| 003 | BD-DhUAP | ||
| 005 | 20210113142647.0 | ||
| 008 | 210113s1976 bg ||||| |||| 00| 0 eng d | ||
| 040 |
_aBD-DhUAP _bEng _cBD-DhUAP _dBD-DhUAP |
||
| 082 |
_223 _a348.549204 DAC |
||
| 245 |
_aThe Dacca law reports : _btable of cases of the appellate division of the supreme court of Bangladesh. |
||
| 260 |
_aDacca : _bDacca law reports, _c1976. |
||
| 300 |
_avolumes ; _c25 cm. |
||
| 505 | _aV. 28-- | ||
| 650 |
_aLaw reports, digests, etc. _zBangladesh. |
||
| 942 |
_2ddc _cBK |
||